000 00383nam a2200145Ia 4500
008 230917s9999||||xx |||||||||||||| ||und||
040 _e131567
_aMAIN
041 _aEnglish
082 _a338.4791 A52A
100 _aGraham, Anne
245 0 _aAviation and tourism; Implications for leisure travel
260 _aLondon
_bAshgate Publishing
_c2008
300 _a377 p.
942 _cBK
999 _c152536
_d152536